Weymouth sands : a novel.

Bibliographic Details
Main Author: Powys, John Cowper, 1872-1963
Format: Book
Language:English
Published: London : MacDonald, [1963]

MARC

Tag First Indicator Second Indicator Subfields
LEADER 00000cam a2200000I 4500
001 in00003441211
005 20151206100604.0
008 740626s1963 enk 000 0 eng d
015 |a GB63-18874 
035 |a (OCoLC)ocm00930336 
035 |a (OCoLC)930336 
040 |a DNU  |b eng  |c DNU  |d UKM  |d OCLCG  |d DEBBG  |d OCLCQ  |d TXA  |d UtOrBLW 
049 |a TXAM 
050 4 |a PR6031.O867  |b W4 1963 
082 0 4 |a 823.91  |2 18 
084 |a HN 7003  |2 rvk 
090 |a PR6031.O867  |b W48 1963 
100 1 |a Powys, John Cowper,  |d 1872-1963. 
245 1 0 |a Weymouth sands :  |b a novel. 
264 1 |a London :  |b MacDonald,  |c [1963] 
300 |a 567 pages ;  |c 23 cm. 
336 |a text  |b txt  |2 rdacontent 
337 |a unmediated  |b n  |2 rdamedia 
338 |a volume  |b nc  |2 rdacarrier 
500 |a "First published in 1934." 
776 0 8 |i Online version:  |a Powys, John Cowper, 1872-1963.  |t Weymouth sands.  |d London, MacDonald [1963]  |w (OCoLC)587136923 
948 |a cataloged  |b h  |c 2014/5/2  |d c  |e junters  |f 2:24:20 pm 
994 |a C0  |b TXA 
999 |a MARS 
999 f f |s ff5a1b94-c9d5-3daa-8639-bf220af04e29  |i a48045d1-7772-3d71-b5b8-afb5a297dc5e  |t 0 
952 f f |p noncirc  |a Texas A&M University  |b College Station  |c Cushing Memorial Library & Archives  |d Cushing: Literature/Mitchell (Does not check out)  |t 0  |e PR6031.O867 W48 1963  |h Library of Congress classification  |i unmediated -- volume 
998 f f |a PR6031.O867 W48 1963  |t 0  |l Cushing: Literature/Mitchell (Does not check out)